Accionamiento eléctrico.

-д хадгалсан:
Номзүйн дэлгэрэнгүй
Үндсэн зохиолч: Medina Hanke, Jorge Luis (autor)
Формат: Ном
Хэл сонгох:испани
Хэвлэсэн: Valparaíso, Chile Universitarias de Valparaíso 2003
Хэвлэл:Primera edición
Нөхцлүүд:
Онлайн хандалт:Disponible Online
Шошгууд: Шошго нэмэх
Шошго байхгүй, Энэхүү баримтыг шошголох эхний хүн болох!

MARC

LEADER 00000cam a2200000 a 4500
001 UCL2841
003 CL-VaPUC
005 20240513113319.0
008 031107e20030000CL |||||||||||||||||spa|d
999 |c 306018  |d 306016 
020 |a 9561703394 
040 |c Pontificia Universidad Católica de Valparaíso 
082 0 4 |a 621.46 MED 2003  |2 21 
100 |a Medina Hanke, Jorge Luis  |e autor  |9 622659 
245 1 0 |a Accionamiento eléctrico. 
250 |a Primera edición 
260 0 3 |a Valparaíso, Chile  |b Universitarias de Valparaíso  |c 2003 
300 |a 276 páginas 
583 |a last modification  |c 20130912 12:48:32  |k Rodrigo Vera 
650 0 |a Motores eléctricos   |9 260085 
650 0 |a Motores de inducción (motores asincrónicos)  |9 414448 
650 0 |a Académicos   |x Pontificia Universidad Católica de Valparaíso (PUCV)  |9 255553 
856 |u https://bibliografiadigital.pucv.cl/index.php/bibliotecapucv/catalog/book/284  |y Disponible Online 
942 |c BK  |2 ddc 
945 |d 20031107 00:00:00  |a cmena 
952 |0 0  |1 0  |2 ddc  |4 0  |6 621_460000000000000_MED_2003  |7 0  |8 A  |9 370656  |a BIBING  |b BIBING  |c RES  |d 2019-11-21  |i 3956202  |l 1  |o 621.46 MED 2003  |p 3956202  |r 2025-01-20  |s 2021-10-13  |t 2  |w 2019-11-21  |y BK  |k EIE 
952 |0 0  |1 0  |2 ddc  |4 0  |6 621_460000000000000_MED_2003  |7 0  |8 A  |9 370657  |a BIBING  |b BIBING  |c RES  |d 2019-11-21  |i 3956210  |l 1  |o 621.46 MED 2003  |p 3956210  |r 2025-01-20  |s 2021-10-20  |t 3  |w 2019-11-21  |y BK  |k EIE 
952 |0 0  |1 0  |2 ddc  |4 0  |6 621_460000000000000_MED_2003  |7 0  |8 A  |9 370658  |a BIBING  |b BIBING  |c RES  |d 2019-11-21  |i 3956229  |o 621.46 MED 2003  |p 3956229  |r 2025-01-20  |t 4  |w 2019-11-21  |y BK  |k EIE 
952 |0 0  |1 0  |2 ddc  |4 0  |6 621_460000000000000_MED_2003  |7 0  |8 A  |9 370659  |a BIBING  |b BIBING  |c RES  |d 2019-11-21  |i 3956237  |l 2  |o 621.46 MED 2003  |p 3956237  |r 2025-01-20  |s 2024-05-16  |t 5  |w 2019-11-21  |y BK  |k EIE 
952 |0 0  |1 0  |2 ddc  |4 0  |6 621_460000000000000_MED_2003  |7 0  |8 A  |9 370660  |a BIBING  |b BIBING  |c RES  |d 2019-11-21  |i 3956245  |l 1  |o 621.46 MED 2003  |p 3956245  |r 2025-01-20  |s 2024-04-22  |t 6  |w 2019-11-21  |y BK  |k EIE 
952 |0 0  |1 0  |2 ddc  |4 0  |6 621_460000000000000_MED_2003  |7 0  |8 A  |9 370661  |a BIBING  |b BIBING  |c RES  |d 2019-11-21  |i 3956253  |l 1  |m 1  |o 621.46 MED 2003  |p 3956253  |r 2025-01-20  |s 2023-04-03  |t 7  |w 2019-11-21  |y BK  |k EIE 
952 |0 0  |1 0  |2 ddc  |4 0  |6 621_460000000000000_MED_2003  |7 0  |8 A  |9 370662  |a BIBING  |b BIBING  |c RES  |d 2019-11-21  |i 3956261  |l 2  |m 1  |o 621.46 MED 2003  |p 3956261  |r 2025-01-20  |s 2024-04-18  |t 8  |w 2019-11-21  |y BK  |k EIE 
952 |0 0  |1 0  |2 ddc  |4 0  |6 621_460000000000000_MED_2003  |7 0  |8 A  |9 370663  |a BIBING  |b BIBING  |c RES  |d 2019-11-21  |i 395627K  |l 3  |o 621.46 MED 2003  |p 395627K  |q 2025-05-16  |r 2025-05-09  |s 2025-05-09  |t 9  |w 2019-11-21  |y BK  |k EIE 
952 |0 0  |1 0  |2 ddc  |4 0  |6 621_460000000000000_MED_2003  |7 0  |8 A  |9 370664  |a BIBING  |b BIBING  |c RES  |d 2019-11-21  |i 3956288  |l 2  |o 621.46 MED 2003  |p 3956288  |r 2025-01-20  |s 2024-09-02  |t 10  |w 2019-11-21  |y BK  |k EIE 
952 |0 0  |1 0  |2 ddc  |4 0  |6 621_460000000000000_MED_2003  |7 0  |8 A  |9 370665  |a BIBING  |b BIBING  |c RES  |d 2019-11-21  |i 3956296  |l 3  |o 621.46 MED 2003  |p 3956296  |r 2025-01-20  |s 2024-05-30  |t 11  |w 2019-11-21  |y BK  |k EIE 
952 |0 0  |1 0  |2 ddc  |4 0  |6 621_460000000000000_MED_2003  |7 0  |8 A  |9 370666  |a BIBING  |b BIBING  |c RES  |d 2019-11-21  |i 3967360  |l 2  |o 621.46 MED 2003  |p 3967360  |r 2025-01-20  |s 2024-04-22  |t 13  |w 2019-11-21  |y BK  |k ING 
952 |0 0  |1 0  |2 ddc  |4 0  |6 621_460000000000000_MED_2003  |7 0  |8 A  |9 370667  |a BIBING  |b BIBING  |c RES  |d 2019-11-21  |i 3967352  |l 3  |o 621.46 MED 2003  |p 3967352  |r 2025-01-20  |s 2022-03-02  |t 12  |w 2019-11-21  |y BK  |k ING 
952 |0 0  |1 0  |2 ddc  |4 0  |6 621_460000000000000_MED_2003  |7 0  |8 A  |9 370668  |a BIBING  |b BIBING  |c RES  |d 2019-11-21  |i 3967379  |l 1  |o 621.46 MED 2003  |p 3967379  |r 2025-01-20  |s 2024-04-22  |t 14  |w 2019-11-21  |y BK  |k ING 
952 |0 0  |1 0  |2 ddc  |4 0  |6 621_460000000000000_MED_2003  |7 0  |8 A  |9 370669  |a BIBING  |b BIBING  |c RES  |d 2019-11-21  |i 3967387  |l 1  |o 621.46 MED 2003  |p 3967387  |r 2025-01-20  |s 2024-07-01  |t 15  |w 2019-11-21  |y BK  |k ING 
952 |0 0  |1 0  |2 ddc  |4 0  |6 621_460000000000000_MED_2003  |7 0  |8 A  |9 370670  |a BIBING  |b BIBING  |c RES  |d 2019-11-21  |i 3967395  |l 1  |o 621.46 MED 2003  |p 3967395  |r 2025-01-20  |s 2023-04-20  |t 16  |w 2019-11-21  |y BK  |k ING 
952 |0 0  |1 0  |2 ddc  |4 0  |6 621_460000000000000_MED_2003  |7 0  |8 A  |9 370671  |a BIBING  |b BIBING  |c RES  |d 2019-11-21  |i 3967409  |l 2  |o 621.46 MED 2003  |p 3967409  |r 2025-01-20  |s 2021-10-05  |t 17  |w 2019-11-21  |y BK  |k ING 
952 |0 0  |1 0  |2 ddc  |4 0  |6 621_460000000000000_MED_2003  |7 0  |8 A  |9 370672  |a BIBING  |b BIBING  |c RES  |d 2019-11-21  |i 3967417  |l 2  |o 621.46 MED 2003  |p 3967417  |r 2025-01-20  |s 2021-10-13  |t 18  |w 2019-11-21  |y BK  |k ING 
952 |0 0  |1 0  |2 ddc  |4 0  |6 621_460000000000000_MED_2003  |7 0  |8 A  |9 370673  |a BIBING  |b BIBING  |c RES  |d 2019-11-21  |i 3967425  |o 621.46 MED 2003  |p 3967425  |r 2025-01-20  |t 19  |w 2019-11-21  |y BK  |k ING 
952 |0 0  |1 0  |2 ddc  |4 0  |6 621_460000000000000_MED_2003  |7 0  |8 A  |9 370674  |a BIBING  |b BIBING  |c RES  |d 2019-11-21  |i 3967441  |l 2  |o 621.46 MED 2003  |p 3967441  |r 2025-04-03  |s 2025-03-27  |t 20  |w 2019-11-21  |y BK  |k ING 
952 |0 0  |1 0  |2 ddc  |4 0  |6 621_460000000000000_MED_2003  |7 0  |8 X  |9 370675  |a FDOBUD  |b FDOBUD  |d 2019-11-21  |i 108402K  |o 621.46 MED 2003  |p 108402K  |r 2019-11-21  |t 1  |w 2019-11-21  |y BK_X  |k BUD 
952 |0 0  |1 0  |2 ddc  |4 0  |6 621_460000000000000_MED_2003  |7 0  |8 A  |9 370676  |a BIBMEC  |b BIBMEC  |d 2019-11-21  |i 4347994  |o 621.46 MED 2003  |p 4347994  |r 2024-01-19  |t 21  |w 2019-11-21  |y BK  |k MEC 
952 |0 0  |1 0  |2 ddc  |4 0  |6 621_460000000000000_MED_2003  |7 0  |8 A  |9 370677  |a BIBMEC  |b BIBMEC  |d 2019-11-21  |i 4348001  |l 1  |o 621.46 MED 2003  |p 4348001  |r 2024-09-06  |s 2024-09-02  |t 22  |w 2019-11-21  |y BK  |k MEC 
952 |0 0  |1 0  |2 ddc  |4 0  |6 621_460000000000000_MED_2003  |7 0  |8 A  |9 370679  |a BIBMEC  |b BIBMEC  |d 2019-11-21  |i 4507355  |o 621.46 MED 2003  |p 4507355  |r 2019-11-21  |t 24  |w 2019-11-21  |y BK  |k MEC 
952 |0 0  |1 0  |2 ddc  |4 0  |6 621_460000000000000_MED_2003  |7 0  |8 A  |9 370680  |a BIBMEC  |b BIBMEC  |d 2019-11-21  |i 4507363  |o 621.46 MED 2003  |p 4507363  |r 2019-11-21  |t 25  |w 2019-11-21  |y BK  |k MEC